书目信息 |
| 题名: |
优生学
|
|
| 作者: | 万钫编著 | |
| 分册: | ||
| 出版信息: | 北京 北京师范大学出版社 1994.3 |
|
| 页数: | 216页 | |
| 开本: | 19cm | |
| 丛书名: | ||
| 单 册: | ||
| 中图分类: | R169.1 | |
| 科图分类: | ||
| 主题词: | ||
| 电子资源: | ||
| ISBN: | 7-303-03525-7 | |
| 000 | 00526nam2 2200217 45 | |
| 001 | 1549794632 | |
| 005 | 20150201135059.37 | |
| 010 | @a7-303-03525-7@dCNY4.90 | |
| 091 | @aCN | |
| 100 | @a19951017d1994 em ea* | |
| 101 | 0 | @achi |
| 102 | @aCN@b110000* | |
| 105 | @ay z 000yy* | |
| 200 | 1 | @a优生学@f万钫编著 |
| 210 | @a北京@c北京师范大学出版社@d1994.3 | |
| 215 | @a216页@d19cm | |
| 610 | @a优生学 | |
| 690 | @aR169.1 | |
| 701 | 0 | @Awan fang@4编著 |
| 801 | 0 | @aCN@bTSSF@c20150201 |
| 905 | @aZUCC@dR169.1@eJY2 | |
| 优生学/万钫编著.-北京:北京师范大学出版社,1994.3 |
| 216页;19cm |
| ISBN 7-303-03525-7:CNY4.90 |
| ● |
| 相关链接 |
|
|
|
|
正题名:优生学
索取号:R169.1/JY2
 
预约/预借
| 序号 | 登录号 | 条形码 | 馆藏地/架位号 | 状态 | 备注 |
| 1 | 7846696 | 278466964 | 学院路分馆/ [索取号:R169.1/JY2] | 在馆 | |
| 2 | 7846697 | 278466973 | 学院路分馆/ [索取号:R169.1/JY2] | 在馆 |